5HLuxD.jpg

KING HENRY VIII SENIOR AND PRIMARY SCHOOL LIBRARY OPAC

Four children and It / (Record no. 2214)

000 -LEADER
fixed length control field 00861cam a22003131i 4500
001 - CONTROL NUMBER
control field 019508408
003 - CONTROL NUMBER IDENTIFIER
control field UkOxU
005 - DATE AND TIME OF LATEST TRANSACTION
control field 20230331084338.0
008 - FIXED-LENGTH DATA ELEMENTS--GENERAL INFORMATION
fixed length control field 130109r20132012enk j 000 f eng|d
015 ## - NATIONAL BIBLIOGRAPHY NUMBER
National bibliography number GBB302944
Source bnb
016 7# - NATIONAL BIBLIOGRAPHIC AGENCY CONTROL NUMBER
Record control number 016251464
Source Uk
020 ## - INTERNATIONAL STANDARD BOOK NUMBER
International Standard Book Number 9780141341446 (paperback) :
035 ## - SYSTEM CONTROL NUMBER
System control number (Uk)016251464
040 ## - CATALOGING SOURCE
Original cataloging agency StDuBDS
Language of cataloging eng
Description conventions rda
Transcribing agency StDuBDS
Modifying agency Uk
-- KH8
042 ## - AUTHENTICATION CODE
Authentication code ukblsr
082 04 - DEWEY DECIMAL CLASSIFICATION NUMBER
Classification number 823.92 WIL
Edition number 23
100 1# - MAIN ENTRY--PERSONAL NAME
Personal name Wilson, Jacqueline,
Relator term author.
245 10 - TITLE STATEMENT
Title Four children and It /
Statement of responsibility, etc. Jacqueline Wilson.
264 #1 - PRODUCTION, PUBLICATION, DISTRIBUTION, MANUFACTURE, AND COPYRIGHT NOTICE
Place of production, publication, distribution, manufacture London :
Name of producer, publisher, distributor, manufacturer Puffin,
Date of production, publication, distribution, manufacture, or copyright notice 2013.
300 ## - PHYSICAL DESCRIPTION
Extent 309 pages ;
Dimensions 20 cm
336 ## - CONTENT TYPE
Content type term text
Source rdacontent
337 ## - MEDIA TYPE
Media type term unmediated
Source rdamedia
338 ## - CARRIER TYPE
Carrier type term volume
Source rdacarrier
500 ## - GENERAL NOTE
General note Originally published: 2012.
500 ## - GENERAL NOTE
General note Formerly CIP.
Institution to which field applies Uk
521 1# - TARGET AUDIENCE NOTE
Target audience note 8+.
655 #0 - INDEX TERM--GENRE/FORM
Genre/form data or focus term Children's stories.
942 ## - ADDED ENTRY ELEMENTS (KOHA)
Source of classification or shelving scheme
Koha item type Books - Non Ficton
Holdings
Withdrawn status Lost status Source of classification or shelving scheme Damaged status Not for loan Collection code Permanent Location Current Location Shelving location Date acquired Full call number Barcode Date last seen Price effective from Koha item type
          Non-Fiction KH8 Primary School Library KH8 Primary School Library Non Fiction 2023-03-31 823.92 WIL KHPL000003960 2025-12-05 2023-03-31 Books - Non Ficton

Powered By KH8 IT Dept